| 000 | 00618nam a2200193Ia 4500 | ||
|---|---|---|---|
| 003 | IN-BaIIA | ||
| 008 | 211028s9999 xx 000 0 eng d | ||
| 020 | _a0-19-920068-8 | ||
| 040 | _cIIA Library | ||
| 080 |
_a081.53 _bPAN |
||
| 110 |
_aRaman Research Institute Bangalore _913359 |
||
| 245 | 0 |
_aCollected works of pancharatnam _cRaman Research Institute Bangalore |
|
| 260 |
_aBangalore _bOxford University Press _c1975 |
||
| 300 | _a326p. | ||
| 650 |
_aCollected Works-S Pancharatnam _913360 |
||
| 650 | _aNASA Thesaurus | ||
| 650 |
_aS Pancharatnam Collected Works _913361 |
||
| 942 | _cBK | ||
| 999 |
_c7923 _d7923 |
||